[Event "Turkey IS Bank Super League 2017"]
[Site "Darica-Kocaeli"]
[Date "2017.07.30"]
[Round "6"]
[White "Avramidou, Anastasia"]
[Black "Gundogan, Sinem Cagla"]
[Result "1-0"]
[WhiteElo "2247"]
[BlackElo "2000"]
[Annotator "NA"]
[PlyCount "57"]
[EventType "team-tourn"]
[EventCountry "TUR"]
[SourceTitle "playchess.com"]
[Source "ChessBase"]
[SourceQuality "1"]
[TimeControl "40/5400+30:1800+30"]

{[%evp 21,54,31,32767,14,10,32767,152,68,63,72,62,60,64,67,95,83,77,84,32767,32767,187,32767,208,197,246,32767,32767,32767,32767,32767,855,32767,32767,32767,1202]} 1. d4 {[%emt 0:00:30]} d5 {[%emt 0:01:00]} 2. c4 {[%emt 0:00:30]} c6 {[%emt 0:00:30]} 3. cxd5 {[%emt 0:00:30]} cxd5 {[%emt 0:00:30]} 4. Bf4 {[%emt 0:00:00]} Nf6 {[%emt 0:00:30]} 5. Nc3 {[%emt 0:00:00]} Nc6 {[%emt 0:02:30]} 6. e3 {[%emt 0:00:00]} e6 {[%emt 0:01:30]} 7. Bd3 {[%emt 0:00:00]} Be7 {[%emt 0:01:30]} 8. h3 {[%emt 0:00:30]} O-O {[%emt 0:00:30]} 9. Nf3 {[%emt 0:00:30]} a6 {[%emt 0:05:30]} 10. O-O {[%emt 0:00:30]} b5 {[%emt 0:02:30]} 11. Rc1 {[%emt 0:08:00]} Bb7 {[%emt 0:00:30]} 12. Ne5 {[%emt 0:06:30] D13: Slav Defence: Exchange variation without ...Bf5} Nxe5 {[%emt 0:08:30]} 13. Bxe5 {[%emt 0:02:30]} Qa5 $146 {[%emt 0:37:00] [#]} ({Predecessor:} 13... Rc8 $11 {remains equal.} 14. Ne2 Qa5 15. Rxc8 Rxc8 16. Qb1 g6 17. Rc1 Qd8 18. Rxc8 Qxc8 19. Qc1 Ne4 20. f3 Nd6 21. Qxc8+ Bxc8 22. b3 h5 {½-½ (22) Platzgummer,F (2351)-Moser,E (2440) Oberwart 2010}) 14. Qc2 {[%emt 0:32:00]} ({Of course not} 14. Bxf6 Bxf6 15. Qf3 Rfc8 $11) (14. Nxb5 $1 $16 {[%mdl 512]} Rfc8 (14... axb5 15. Rc7) 15. Rxc8+ Bxc8 16. Nc3) 14... Rfc8 {[%emt 0:06:30]} 15. Bxf6 $1 {[%emt 0:00:30]} Bxf6 {[%emt 0:00:30]} 16. Bxh7+ {[%emt 0:00:30]} Kf8 {[%emt 0:14:30]} 17. Bd3 {[%emt 0:03:30]} Bc6 {[%emt 0:02:30]} 18. Qb1 {[%emt 0:04:30]} b4 {[%emt 0:03:30]} 19. Ne2 {[%emt 0:00:30]} Bb5 {[%emt 0:00:30]} 20. Nf4 {[%emt 0:00:30]} Bg5 {[%emt 0:00:30]} (20... g6 $16) 21. Bxb5 {[%emt 0:03:30]} Rxc1 {[%emt 0:03:30]} 22. Rxc1 {[%emt 0:00:30]} ({Don't take} 22. Qxc1 $6 Qxb5 23. Qc2 Bxf4 $16) 22... axb5 {[%emt 0:00:30]} 23. Qh7 {[%emt 0:00:30]} Bh6 {[%emt 0:00:30]} 24. Nd3 {[%emt 0:03:30]} Ke7 {[%emt 0:06:30]} 25. Ne5 {[%emt 0:00:30]} Qb6 {[%emt 0:04:30]} 26. Rc6 {[%emt 0:03:30]} Qb7 {[%emt 0:02:30]} 27. Qc2 {[%emt 0:00:30]} Ra7 $18 {[%emt 0:00:30]} 28. Ng4 {[%emt 0:03:30]} f5 {[%emt 0:05:32]} 29. Qc5+ {[%emt 0:00:30]} 1-0

[Event "Turkey IS Bank Super League 2017"]
[Site "Darica-Kocaeli"]
[Date "2017.07.30"]
[Round "6"]
[White "Kesgin, Halit Kaan"]
[Black "Tuna, Alp"]
[Result "1/2-1/2"]
[WhiteElo "2207"]
[BlackElo "2280"]
[Annotator "ChessBase"]
[PlyCount "46"]
[EventType "team-tourn"]
[EventCountry "TUR"]
[SourceTitle "playchess.com"]
[Source "ChessBase"]
[SourceQuality "1"]
[TimeControl "40/5400+30:1800+30"]

1. e4 {[%emt 0:00:30]} c6 {[%emt 0:02:00]} 2. d4 {[%emt 0:00:30]} d5 {[%emt 0:00:00]} 3. Nc3 {[%emt 0:00:30]} dxe4 {[%emt 0:00:00]} 4. Nxe4 {[%emt 0:00:30]} Bf5 {[%emt 0:00:00]} 5. Ng3 {[%emt 0:00:00]} Bg6 {[%emt 0:00:00]} 6. Nf3 {[%emt 0:00:00]} Nd7 {[%emt 0:00:30]} 7. h4 {[%emt 0:00:30]} h6 {[%emt 0:00:00]} 8. h5 {[%emt 0:00:00]} Bh7 {[%emt 0:00:00]} 9. Bd3 {[%emt 0:00:00]} Bxd3 {[%emt 0:00:30]} 10. Qxd3 {[%emt 0:00:00]} e6 {[%emt 0:00:00]} 11. Bd2 {[%emt 0:00:00]} Ngf6 {[%emt 0:00:00]} 12. O-O-O {[%emt 0:00:30]} Be7 {[%emt 0:00:00]} 13. Qe2 {[%emt 0:00:00]} O-O {[%emt 0:00:00]} 14. Nf1 {[%emt 0:00:00]} c5 {[%emt 0:01:30]} 15. g4 {[%emt 0:02:30]} cxd4 {[%emt 0:01:30]} 16. g5 {[%emt 0:00:00]} Nd5 {[%emt 0:00:30]} 17. gxh6 {[%emt 0:03:00]} Qb6 {[%emt 0:00:30]} 18. Rg1 {[%emt 0:13:30]} Ba3 {[%emt 0:01:30]} 19. Rxg7+ {[%emt 0:00:30]} Kh8 {[%emt 0:00:00]} 20. Rh7+ {[%emt 0:01:30]} Kg8 {[%emt 0:00:00]} 21. Rg7+ {[%emt 0:00:30]} Kh8 {[%emt 0:00:30]} 22. Rh7+ {[%emt 0:00:30]} Kg8 {[%emt 0:00:30]} 23. Rg7+ {[%emt 0:00:30]} Kh8 {[%emt 0:00:00]} 1/2-1/2

[Event "Turkey IS Bank Super League 2017"]
[Site "Darica-Kocaeli"]
[Date "2017.07.30"]
[Round "6"]
[White "Tanriverdi, Enes"]
[Black "Ozen, Bahadir"]
[Result "0-1"]
[WhiteElo "2203"]
[BlackElo "2315"]
[Annotator "NA"]
[PlyCount "80"]
[EventType "team-tourn"]
[EventCountry "TUR"]
[SourceTitle "playchess.com"]
[Source "ChessBase"]
[SourceQuality "1"]
[TimeControl "40/5400+30:1800+30"]

1. d4 {[%emt 0:01:30]} d6 {[%emt 0:02:00]} 2. Nf3 {[%emt 0:00:00]} g6 {[%emt 0:00:30]} 3. c4 {[%emt 0:00:00]} Bg7 {[%emt 0:00:00]} 4. Nc3 {[%emt 0:00:30]} Nd7 {[%emt 0:00:00]} 5. e4 {[%emt 0:00:30]} e5 {[%emt 0:00:30]} 6. Bg5 {[%emt 0:06:30]} Ngf6 {[%emt 0:05:30]} 7. Be2 {[%emt 0:02:30] LiveBook: 13 Games} c6 {[%emt 0:04:30]} 8. O-O {[%emt 0:04:30]} O-O {[%emt 0:00:30]} 9. dxe5 {[%emt 0:20:30]} dxe5 {[%emt 0:00:30]} 10. Qc2 {[%emt 0:00:30]} Qe7 {[%emt 0:03:30]} 11. Rfd1 {[%emt 0:46:30]} Nc5 {[%emt 0:21:00]} 12. h3 {[%emt 0:11:30]} Ne6 {[%emt 0:18:30]} 13. Be3 {[%emt 0:03:30]} Nh5 {[%emt 0:04:30]} 14. c5 {[%emt 0:02:30]} Nxc5 {[%emt 0:05:30]} 15. Nd5 {[%emt 0:01:30]} cxd5 {[%emt 0:00:00]} 16. Bxc5 {[%emt 0:00:30]} Qc7 {[%emt 0:00:00]} 17. Rac1 {[%emt 0:04:30]} dxe4 {[%emt 0:04:30]} 18. Qxe4 {[%emt 0:00:30]} Bf5 {[%emt 0:01:30]} 19. Qe3 {[%emt 0:01:30]} Rfd8 {[%emt 0:02:30]} 20. Rxd8+ {[%emt 0:10:13]} ({White should play} 20. g4 $16) 20... Rxd8 {[%emt 0:01:30]} 21. g4 {[%emt 0:02:18]} Nf4 {[%emt 0:01:30]} 22. gxf5 {[%emt 0:01:24]} b6 {[%emt 0:00:00]} 23. Bc4 {[%emt 0:02:19]} (23. Bf1 $15 bxc5 24. Rxc5) 23... bxc5 {[%emt 0:02:00]} 24. Ng5 {[%emt 0:00:03]} Qb7 {[%emt 0:00:00]} 25. Qg3 {[%emt 0:01:31]} Rd7 {[%emt 0:05:00]} 26. Re1 $19 {[%emt 0:01:24]} Qb4 {[%emt 0:02:30]} 27. Re4 {[%emt 0:00:12]} Qxc4 {[%emt 0:12:30]} 28. Rxc4 {[%emt 0:00:30]} Ne2+ {[%emt 0:00:00]} 29. Kf1 {[%emt 0:00:48]} Nxg3+ {[%emt 0:00:00]} 30. fxg3 {[%emt 0:00:00]} gxf5 {[%emt 0:01:30]} 31. Rxc5 {[%emt 0:00:00]} Bf6 {[%emt 0:01:30]} 32. Nf3 {[%emt 0:00:19]} Rd3 {[%emt 0:01:31]} 33. Ke2 {[%emt 0:01:36]} e4 {[%emt 0:00:06]} 34. Nd2 {[%emt 0:00:00]} Rxg3 {[%emt 0:00:58]} 35. Rxf5 {[%emt 0:00:00]} Rg2+ {[%emt 0:02:39]} 36. Kd1 {[%emt 0:00:27]} e3 {[%emt 0:02:12]} 37. Nf3 {[%emt 0:00:07]} Kg7 {[%emt 0:03:06]} 38. Rb5 {[%emt 0:00:11]} Rf2 {[%emt 0:00:24]} 39. Ne1 {[%emt 0:00:36]} Bxb2 {[%emt 0:00:19]} 40. Nc2 {[%emt 0:00:33]} Rd2+ {[%emt 0:00:15]} 0-1

[Event "Turkey IS Bank Super League 2017"]
[Site "Darica-Kocaeli"]
[Date "2017.07.30"]
[Round "6"]
[White "Yilmaz, Goktan"]
[Black "Arat, Ufuk Sezen"]
[Result "1-0"]
[WhiteElo "2202"]
[BlackElo "2400"]
[Annotator "ChessBase"]
[PlyCount "81"]
[EventType "team-tourn"]
[EventCountry "TUR"]
[SourceTitle "playchess.com"]
[Source "ChessBase"]
[SourceQuality "1"]
[TimeControl "40/5400+30:1800+30"]

1. e4 c6 2. d4 d5 3. Nc3 h6 4. Nf3 dxe4 5. Nxe4 Bf5 6. Bd3 e6 7. O-O Nf6 8. Nxf6+ Qxf6 9. Bxf5 Qxf5 10. c4 Na6 11. a3 {[%emt 0:31:30]} Be7 {[%emt 0:39:00]} 12. Qb3 {[%emt 0:06:30]} O-O-O {[%emt 0:18:30]} 13. Be3 {[%emt 0:04:30]} Bf6 {[%emt 0:04:30]} 14. Qa4 {[%emt 0:03:30]} g5 {[%emt 0:02:30]} 15. b4 {[%emt 0:01:30]} g4 {[%emt 0:09:30]} 16. Ne5 {[%emt 0:03:30]} Bxe5 {[%emt 0:00:30]} 17. dxe5 {[%emt 0:00:30]} Qxe5 {[%emt 0:02:30]} 18. b5 {[%emt 0:01:30]} Nb8 {[%emt 0:02:30]} 19. Qxa7 {[%emt 0:03:30]} Rd7 {[%emt 0:09:08]} 20. Rab1 {[%emt 0:01:30]} h5 {[%emt 0:03:24]} 21. Qa8 {[%emt 0:01:30]} c5 {[%emt 0:01:30]} 22. Rfe1 {[%emt 0:26:22]} h4 {[%emt 0:01:52]} 23. b6 {[%emt 0:02:28]} Rd6 {[%emt 0:01:02]} 24. g3 {[%emt 0:05:32]} hxg3 {[%emt 0:00:35]} 25. fxg3 {[%emt 0:00:00]} f6 {[%emt 0:01:12]} 26. Bf4 {[%emt 0:02:27]} Qd4+ {[%emt 0:00:30]} 27. Be3 {[%emt 0:00:30]} Qe5 {[%emt 0:00:00]} 28. Bf4 {[%emt 0:00:06]} Qh5 {[%emt 0:00:00]} 29. Rb2 {[%emt 0:00:40]} e5 {[%emt 0:00:02]} 30. Be3 {[%emt 0:00:00]} Rd3 {[%emt 0:00:39]} 31. a4 {[%emt 0:02:18]} Qh7 {[%emt 0:02:14]} 32. a5 {[%emt 0:01:20]} Ra3 {[%emt 0:00:21]} 33. Rd2 {[%emt 0:00:00]} Qe4 {[%emt 0:01:41]} 34. Bf2 {[%emt 0:00:00]} Qh7 {[%emt 0:00:00]} 35. Be3 {[%emt 0:00:06]} f5 {[%emt 0:01:38]} 36. Red1 {[%emt 0:00:26]} Rd3 {[%emt 0:01:59]} 37. Rxd3 {[%emt 0:05:15]} Qxh2+ {[%emt 0:00:30]} 38. Kf1 {[%emt 0:00:00]} Qh3+ {[%emt 0:00:32]} 39. Ke1 {[%emt 0:00:10]} Qxg3+ {[%emt 0:00:33]} 40. Bf2 {[%emt 0:00:00]} Qg2 {[%emt 0:01:38]} 41. Qxb8+ {[%emt 0:01:20]} 1-0

[Event "Turkey IS Bank Super League 2017"]
[Site "Darica-Kocaeli"]
[Date "2017.07.30"]
[Round "6"]
[White "Sevgi, Volkan"]
[Black "Tari, Aryan"]
[Result "1/2-1/2"]
[WhiteElo "2199"]
[BlackElo "2595"]
[Annotator "TA"]
[PlyCount "94"]
[EventType "team-tourn"]
[EventCountry "TUR"]
[SourceTitle "playchess.com"]
[Source "ChessBase"]
[SourceQuality "1"]

{[%evp 9,94,-12,-10,-4,-2,-12,-3,-12,-1,-10,-9,-13,-12,-10,-12,-14,-13,-12,-6,-16,0,0,0,0,12,15,55,26,69,62,62,72,104,0,0,0,0,-8,-8,-8,-8,-8,-8,-15,-7,-7,-15,-8,-10,-22,-5,-8,-8,-4,0,0,0,0,20,20,21,0,21,20,20,0,0,0,0,0,0,0,0,0,0,0,0,0,7,4,4,13,20,4,4,4,4]} 1. e4 c6 2. Nc3 d5 3. Nf3 Nf6 4. e5 Ne4 5. Qe2 (5. Ne2 Qb6 6. d4 e6 7. Ng3 c5 8. Bd3 Nc6 9. Nxe4 dxe4 10. Bxe4 cxd4 11. O-O Bd7 12. a3 h6 13. Re1 {1-0 (71) Short,N (2675)-Caruana,F (2827) Caleta 2017}) 5... Nxc3 6. dxc3 {B11: Caro-Kann: Two Knights Variation} Bg4 7. h3 Bxf3 8. Qxf3 e6 9. Qg3 Nd7 10. Be3 Qc7 $146 ({Predecessor:} 10... h5 11. h4 g6 12. Bd3 Bc5 13. Bxc5 Nxc5 14. O-O b5 {½-½ (14) Jakubiec,A (2528)-Khenkin,I (2624) Germany 2011}) 11. f4 f6 {[%cal Rf6e5]} 12. Qg4 O-O-O 13. Qxe6 Kb8 14. O-O-O fxe5 15. fxe5 Bc5 16. Bd4 Rhf8 17. h4 Bb6 18. Bd3 c5 19. Bg1 {Strongly threatening Bh2.} Rfe8 20. Qd6 h6 21. Bh2 ({White should play} 21. Bb5 $16) 21... Nxe5 $11 {The position is equal.} 22. Qxc7+ Bxc7 23. Bxe5 Bxe5 24. Rhf1 (24. Bb5 $5 {[%cal Rb5e8]} Re7 25. Bc4 $15) 24... Bf6 25. h5 Kc7 26. Rde1 c4 {[#] White must now prevent ...Rxe1+.} 27. Bg6 Rxe1+ 28. Rxe1 {[%mdl 4096] Endgame KRB-KRB} Bg5+ 29. Kd1 d4 30. cxd4 Rxd4+ 31. Ke2 Rd2+ 32. Kf3 Bf6 33. b3 c3 34. a4 Kd6 35. Re2 Rd1 36. Re4 Bd4 37. Re2 Rf1+ 38. Kg4 Be5 39. g3 b6 40. Re3 Bf6 41. Re8 Be5 42. Bd3 Rf2 43. Be4 Bf6 44. Rc8 Ke5 45. Bg6 Kd6 46. Rc4 Be5 47. Be4 Rf1 {Precision: White = 59%, Black = 71%.} 1/2-1/2

[Event "Turkey IS Bank Super League 2017"]
[Site "Darica-Kocaeli"]
[Date "2017.07.30"]
[Round "6"]
[White "Bolat, Ahmet"]
[Black "Esen, Baris"]
[Result "1/2-1/2"]
[WhiteElo "2178"]
[BlackElo "2528"]
[Annotator "TA"]
[PlyCount "185"]
[EventType "team-tourn"]
[EventCountry "TUR"]
[SourceTitle "playchess.com"]
[Source "ChessBase"]
[SourceQuality "1"]

{[%evp 12,185,4,5,10,4,4,3,3,0,32,39,44,31,48,34,51,12,11,18,9,0,32,23,47,1,1,1,1,0,16,0,10,0,0,0,0,0,0,0,0,-2,0,-15,-15,-15,-15,-15,-15,-15,-15,-34,-15,-15,-8,-8,-8,-8,-8,-13,-12,-7,-7,-14,-14,-17,-16,-16,-14,-14,-14,-17,-8,-18,-14,-18,-18,-21,-18,-18,-14,-18,-4,-4,-4,-4,-4,-4,0,-4,0,-4,0,-4,-4,-4,-4,-4,-4,-4,-4,-4,-4,-5,-6,-66,0,0,0,0,6,0,0,0,0,-8,-8,-8,0,0,0,0,0,-8,0,0,0,0,0,0,0,0,0,0,0,0,0,0,0,0,0,0,0,0,0,0,0,0,0,0,0,0,0,0,0,0,0,0,0,0,0,0,0,0,0,0,0,0,0,0,0,0,0,0,0,0]} 1. e4 c5 2. Nf3 d6 3. b3 Nf6 4. e5 dxe5 5. Nxe5 Nbd7 6. Bb2 {B50: Sicilian: 2...d6, Miscellaneous} Nxe5 7. Bxe5 {LiveBook: 6 Games} Bd7 (7... Nd7 8. Bb2 e5 9. Na3 Bd6 10. Nc4 Bc7 11. Bd3 O-O 12. Ne3 Nf6 {½-½ (32) Fridman,R (2466)-Timman,J (2574) Germany 2016}) 8. Nc3 a6 9. Be2 Bc6 10. Bf3 Qd7 11. O-O e6 12. Na4 $146 {[#] Strongly threatening Nb6.} ({Predecessor:} 12. a4 Bd6 13. Bxc6 Qxc6 {½-½ (55) Rodriguez Fernandez,C (1882)-Cabrera Trujillo,J (2324) Linares 2007}) 12... Bxa4 13. bxa4 Bd6 $1 {[%cal Rd6e5]} 14. Bxf6 gxf6 15. Rb1 Rb8 16. Qe2 (16. g3 {is interesting.} O-O 17. a5 Qc7 18. c3 f5 19. Qe2) 16... Qxa4 17. Bxb7 Qxa2 18. Qxa6 (18. Rb6 {with more complications.} Bc7 19. Rxa6 Qb2 20. Be4 O-O 21. c3) 18... Qxa6 19. Bxa6 Ke7 20. g3 Rhd8 21. Bc4 Be5 {Hoping for ...Rxb1.} 22. d3 f5 23. Kg2 h5 24. Rb3 Rxb3 25. Bxb3 $11 {[%mdl 4096] Endgame [#] KRB-KRB} h4 $1 {[%mdl 512]} 26. Kf3 (26. f4 $5 {[%cal Rf4e5]} Bc3 27. Bc4 $11) (26. gxh4 Rh8) 26... Rh8 27. Rb1 hxg3 28. hxg3 Rh2 29. Rg1 Bd4 {[%csl Gd4][%cal Rh2f2]} (29... Kd6 {looks sharper.} 30. Ba4 Bf6 31. Rd1 Bc3 32. Rf1 Ke7) 30. Rf1 Kf6 31. Ba4 Kg6 (31... c4 $5) 32. Be8 Rh8 33. Ba4 Kg5 34. Kg2 f4 35. Re1 fxg3 36. fxg3 Kf6 37. Rf1+ Ke7 38. Bb3 Rg8 39. Re1 Kd6 40. Kf3 Be5 41. Rg1 Ke7 42. Bc4 Rg6 43. Bb5 Rf6+ 44. Kg2 Bd4 45. Rf1 Rg6 46. Re1 f5 47. Kf3 Kf6 48. Rh1 Be5 49. Rh3 Bc3 50. Rh1 (50. Be8 $5 {[%cal Re8g6]} Rg7 51. Rh6+ Ke7 52. Bh5 $11) 50... Ke5 51. Bc4 Kd6 52. Bb3 Be5 53. Rg1 Rg4 54. Rg2 Ke7 55. Bc4 Kf6 56. Bb3 Bd6 57. Bc4 e5 58. Rh2 (58. Bd5 $11) 58... Kg7 (58... e4+ $15 59. dxe4 Rxg3+ 60. Ke2 fxe4) 59. Rh3 {The position is equal.} Rg6 60. Bd5 Rg5 61. Bb7 c4 62. Bc8 Kg6 63. Rh8 cxd3 64. cxd3 Kg7 65. Rd8 Bb4 66. Rd7+ Kf6 67. Rh7 Be1 (67... Rg8 $5 {[%cal Rg8c8]} 68. Ba6 Be1 $11) 68. Rh6+ Kf7 69. Rh7+ Ke8 70. g4 Rxg4 71. Bxf5 Rf4+ 72. Ke2 Bc3 73. Be4 Bd4 74. Bf3 Rf6 75. Rb7 Rh6 76. Be4 Rh3 77. Rh7 Re3+ 78. Kd2 Rg3 79. Kc2 Rg1 80. Kd2 Rf1 81. Kc2 Ra1 82. Kb3 Rc1 83. Kb4 Kd8 84. Bf5 Rf1 85. Be4 Rf6 86. Kb5 Rd6 87. Kc4 Kc8 88. Bf5+ Kb8 89. Be4 Kc8 90. Bf5+ Kd8 91. Be4 Rd7 92. Rxd7+ Kxd7 93. Kd5 {Precision: White = 64%, Black = 73%.} 1/2-1/2

[Event "Turkey IS Bank Super League 2017"]
[Site "Darica-Kocaeli"]
[Date "2017.07.30"]
[Round "6"]
[White "Bozbey, Ali"]
[Black "Tofan, Ibrahim"]
[Result "0-1"]
[WhiteElo "2139"]
[BlackElo "2194"]
[Annotator "NA"]
[PlyCount "92"]
[EventType "team-tourn"]
[EventCountry "TUR"]
[SourceTitle "playchess.com"]
[Source "ChessBase"]
[SourceQuality "1"]
[TimeControl "40/5400+30:1800+30"]

1. e4 {[%emt 0:00:30]} e6 {[%emt 0:01:00]} 2. d3 {[%emt 0:00:30]} d5 {[%emt 0:01:30]} 3. Nd2 {[%emt 0:00:00]} b6 {[%emt 0:00:30]} 4. g3 {[%emt 0:01:00]} Bb7 {[%emt 0:00:30]} 5. Bg2 {[%emt 0:00:00]} Nf6 {[%emt 0:00:30]} 6. Qe2 {[%emt 0:02:00]} c5 {[%emt 0:02:30] C00: French: Unusual White 2nd moves} 7. Ngf3 {[%emt 0:03:30]} Nc6 {[%emt 0:05:30]} (7... Be7 8. O-O Nc6 9. e5 Nd7 10. c4 dxc4 11. dxc4 Qc7 12. Re1 O-O 13. Nb3 Rfd8 {0-1 (69) Sandipan,C (2579)-Meijers,V (2514) Beijing 2008}) 8. O-O {[%emt 0:05:30]} Qc7 {[%emt 0:04:30]} 9. exd5 $146 {[%emt 0:06:30]} ({Find the theoretical novelty and annotate with similar games:} 9. c3 Be7 10. Re1 O-O 11. e5 Nd7 12. Nf1 Rfe8 13. Bf4 Nf8 14. h4 Ng6 15. Bg5 Bxg5 16. hxg5 Kf8 17. N1h2 Ke7 18. Ng4 Kd7 19. Qd2 Nce7 {1-0 (66) Agrest,S (2260)-Bratholm,P (2098) Helsingor 2009}) 9... Nxd5 {[%emt 0:00:00]} 10. Nc4 {[%emt 0:01:30]} Be7 {[%emt 0:02:00]} 11. Bg5 {[%emt 0:04:30]} Bxg5 {[%emt 0:03:30]} 12. Nxg5 {[%emt 0:01:30]} Nd4 {[%emt 0:00:30]} 13. Qd2 {[%emt 0:07:30]} O-O {[%emt 0:30:00]} 14. c3 {[%emt 0:38:00]} Nf5 {[%emt 0:04:30]} 15. Ne3 {[%emt 0:04:30]} Ndxe3 {[%emt 0:03:30]} 16. fxe3 {[%emt 0:00:30]} Bxg2 {[%emt 0:00:00]} 17. Kxg2 {[%emt 0:00:30]} h6 {[%emt 0:02:00]} 18. Nf3 {[%emt 0:02:30]} Rad8 {[%emt 0:00:30]} 19. e4 {[%emt 0:01:30]} Ne7 {[%emt 0:01:30]} 20. Qe2 {[%emt 0:03:30]} e5 {[%emt 0:04:30]} 21. Rad1 {[%emt 0:05:30]} f6 {[%emt 0:05:30]} 22. d4 {[%emt 0:04:30]} cxd4 {[%emt 0:00:30]} 23. cxd4 {[%emt 0:00:30]} exd4 {[%emt 0:06:30]} 24. Nxd4 {[%emt 0:00:00]} Qe5 {[%emt 0:01:30]} 25. Qc4+ {[%emt 0:02:00]} Kh8 {[%emt 0:00:30]} 26. Rfe1 {[%emt 0:03:30]} Rc8 {[%emt 0:00:30]} 27. Qb3 {[%emt 0:04:30]} Rfd8 {[%emt 0:07:30]} 28. Nf3 {[%emt 0:00:30]} Qc7 {[%emt 0:03:30]} 29. Rxd8+ {[%emt 0:01:30]} Rxd8 {[%emt 0:00:30]} 30. e5 {[%emt 0:00:30]} f5 {[%emt 0:03:30]} 31. Re2 {[%emt 0:02:30]} Qc6 {[%emt 0:01:30]} 32. Kf2 {[%emt 0:07:30]} Qc5+ $11 {[%emt 0:05:30]} 33. Qe3 {[%emt 0:00:00]} Qa5 {[%emt 0:00:30]} 34. a3 {[%emt 0:02:00]} Rd1 {[%emt 0:04:02]} 35. e6 {[%emt 0:02:19]} Kh7 {[%emt 0:02:12]} 36. h4 {[%emt 0:01:57]} Qb5 {[%emt 0:03:46]} 37. Qc3 {[%emt 0:02:43]} Rd3 {[%emt 0:02:41]} 38. Qe5 {[%emt 0:02:50]} Qc6 {[%emt 0:03:47]} 39. Qf4 {[%emt 0:00:13]} Qc5+ {[%emt 0:01:27]} 40. Kg2 {[%emt 0:00:27]} Ng6 {[%emt 0:30:27]} 41. Qb8 {[%emt 0:05:01]} Qd5 {[%emt 0:00:00]} 42. Rf2 {[%emt 0:00:00]} Rxf3 {[%emt 0:00:00]} 43. Rxf3 {[%emt 0:00:00]} Ne5 {[%emt 0:00:00]} 44. e7 {[%emt 0:00:30]} Qxf3+ {[%emt 0:00:00]} 45. Kg1 {[%emt 0:00:30]} Qe3+ {[%emt 0:00:00]} 46. Kf1 {[%emt 0:01:30]} Nd3 {[%emt 0:00:00]} 0-1

[Event "Turkey IS Bank Super League 2017"]
[Site "Darica-Kocaeli"]
[Date "2017.07.30"]
[Round "6"]
[White "Dolgun, Can"]
[Black "Tasdogen, Dincer"]
[Result "0-1"]
[WhiteElo "2104"]
[BlackElo "2215"]
[Annotator "ChessBase"]
[PlyCount "118"]
[EventType "team-tourn"]
[EventCountry "TUR"]
[SourceTitle "playchess.com"]
[Source "ChessBase"]
[SourceQuality "1"]
[TimeControl "40/5400+30:1800+30"]

1. e4 c5 2. Nf3 Nc6 3. d4 cxd4 4. Nxd4 g6 5. Nc3 Bg7 6. Be3 Nf6 7. Bc4 O-O 8. Bb3 a5 9. O-O Nxd4 10. Bxd4 d6 11. Nd5 Nd7 12. Bxg7 Kxg7 13. f4 {[%emt 0:29:30]} b5 {[%emt 0:38:00]} 14. c3 {[%emt 0:06:30]} Bb7 {[%emt 0:06:30]} 15. Qd4+ {[%emt 0:02:30]} Kg8 {[%emt 0:02:30]} 16. f5 {[%emt 0:02:30]} a4 {[%emt 0:13:30]} 17. Bc2 {[%emt 0:02:30]} Bxd5 {[%emt 0:06:30]} 18. exd5 {[%emt 0:03:30]} a3 {[%emt 0:04:30]} 19. b3 {[%emt 0:01:30]} Qb6 {[%emt 0:01:30]} 20. Qxb6 {[%emt 0:02:30]} Nxb6 {[%emt 0:00:30]} 21. f6 {[%emt 0:06:30]} exf6 {[%emt 0:04:30]} 22. Bd3 {[%emt 0:03:30]} Rac8 {[%emt 0:04:14]} 23. Bxb5 {[%emt 0:01:30]} Rxc3 {[%emt 0:00:21]} 24. Bc6 {[%emt 0:03:30]} f5 {[%emt 0:01:44]} 25. Rfe1 {[%emt 0:03:30]} Rc8 {[%emt 0:05:15]} 26. Kf2 {[%emt 0:03:30]} Kg7 {[%emt 0:06:51]} 27. Rad1 {[%emt 0:01:30]} Rc7 {[%emt 0:02:45]} 28. Rd4 {[%emt 0:06:30]} Nc8 {[%emt 0:02:11]} 29. b4 {[%emt 0:02:30]} Kf6 {[%emt 0:02:52]} 30. b5 {[%emt 0:07:42]} Nb6 {[%emt 0:00:10]} 31. Rd2 {[%emt 0:01:44]} Re7 {[%emt 0:01:00]} 32. Red1 {[%emt 0:06:20]} Nc4 {[%emt 0:00:20]} 33. Re2 {[%emt 0:00:25]} Nb6 {[%emt 0:00:39]} 34. Red2 {[%emt 0:02:38]} Nc4 {[%emt 0:00:07]} 35. Re2 {[%emt 0:00:18]} Nb6 {[%emt 0:00:54]} 36. Red2 {[%emt 0:01:16]} Rce3 {[%emt 0:00:15]} 37. Kf1 {[%emt 0:00:37]} g5 {[%emt 0:01:17]} 38. Rd3 {[%emt 0:00:18]} f4 {[%emt 0:00:00]} 39. R1d2 {[%emt 0:00:30]} Nc4 {[%emt 0:00:20]} 40. Rd1 {[%emt 0:00:00]} Nb6 {[%emt 0:01:15]} 41. R1d2 {[%emt 0:01:12]} Nc4 {[%emt 0:03:30]} 42. Rd1 {[%emt 0:00:30]} Nb2 {[%emt 0:06:30]} 43. Rxe3 {[%emt 0:01:30]} fxe3 {[%emt 0:00:00]} 44. Re1 {[%emt 0:01:30]} Nd3 {[%emt 0:02:00]} 45. Re2 {[%emt 0:00:30]} Nf4 {[%emt 0:00:55]} 46. b6 {[%emt 0:01:30]} Nxe2 {[%emt 0:00:32]} 47. Kxe2 {[%emt 0:00:30]} Re4 {[%emt 0:00:03]} 48. b7 {[%emt 0:00:00]} Rb4 {[%emt 0:00:30]} 49. Kxe3 {[%emt 0:00:00]} g4 {[%emt 0:01:21]} 50. g3 {[%emt 0:01:30]} Ke5 {[%emt 0:00:28]} 51. Kd3 {[%emt 0:00:30]} f5 {[%emt 0:00:48]} 52. Kc3 {[%emt 0:00:00]} Rb6 {[%emt 0:00:00]} 53. Kd3 {[%emt 0:00:00]} f4 {[%emt 0:00:42]} 54. gxf4+ {[%emt 0:00:30]} Kxf4 {[%emt 0:00:01]} 55. Ke2 {[%emt 0:00:30]} h5 {[%emt 0:00:40]} 56. Kf2 {[%emt 0:00:00]} h4 {[%emt 0:00:11]} 57. Kg2 {[%emt 0:00:00]} Rb2+ {[%emt 0:00:19]} 58. Kf1 {[%emt 0:00:30]} g3 {[%emt 0:00:30]} 59. hxg3+ {[%emt 0:00:00]} Kxg3 {[%emt 0:00:00]} 0-1